Les prénoms des ministres des gouvernements Messmer (1973-1974) - Statistiques

Statistiques générales
  • Ce quiz a été pris 30 fois
  • Le résultat moyen est 21 sur 34
Statistiques - réponses
Hint Réponse % Correct
Chirac Jacques
100%
Chirac Jacques
100%
Giscard d'Estaing Valéry
100%
Guéna Yves
92%
Druon Maurice
85%
Jobert Michel
85%
Guichard Olivier
85%
Peyrefitte Alain
77%
Faure Edgar
77%
Poniatowski Michel
77%
Debré Michel
77%
Marcellin Raymond
77%
Poujade Robert
77%
Poujade Robert
77%
Boulin Robert
77%
Foyer Jean
69%
Royer Jean
69%
Schumann Maurice
69%
Pleven René
69%
Fontanet Joseph
62%
Bettencourt André
54%
Galley Robert
54%
Bourges Yvon
54%
Stasi Bernard
38%
Rey Henri
38%
Duhamel Jacques
38%
Taittinger Jean
38%
Malaud Philippe
38%
Gorse Georges
31%
Bord André
23%
Germain Hubert
23%
Lecat Jean-Philippe
23%
Chardonnet Jean
15%
Comiti Joseph
15%
Aucun quiz correspondant
Distribution des résultats
% des personnes avec chaque résultat
Percentile par nombre de réponses
Votre historique - résultats
Vous n’avez pas pris ce quiz